| 000 | 00826nam a2200289Ia 4500 | ||
|---|---|---|---|
| 001 | Para_6330 | ||
| 003 | CHAP | ||
| 008 | 220125s1976 xx 000 0 und d | ||
| 010 | _a205061 | ||
| 040 | _cCHAP | ||
| 082 | _aPA 595.7 S85 | ||
| 111 |
_aSymposium of the Royal Entomological Society (7: 1974: London) _9171004 |
||
| 245 |
_aInsect flight / _c edit. by R. C. Rayney |
||
| 260 |
_aLondon : _b Blackwell |
||
| 300 | _a287 p. | ||
| 650 |
_aEntomología _x Congresos _937123 |
||
| 650 |
_aInsectos _x vuelo _x Congresos _9171005 |
||
| 700 |
_aRayney, R. C. _9171006 |
||
| 710 |
_aRoyal Entomological Society _9171007 |
||
| 901 | _aPA 595.7 S85 | ||
| 902 | _aA | ||
| 905 | _a0000001976 a 0000000000 00 | ||
| 910 | _a1976 | ||
| 942 | _cPARA | ||
| 942 |
_cPARA _d1 |
||
| 999 |
_c205061 _d205061 |
||